000
00223nam a22000857a 4500
008
161111b xxu||||| |||| 00| 0 eng d
100
_9
1147
_a
Tiwari.S.K.
245
_a
Social Science Civics-8
260
_a
New Delhi
_b
Wow Books
_c
2012
999
_c
3806
_d
3806